[Event "SRB-ch sf"]
[Site "Paracin"]
[Date "2024.02.11"]
[Round "9"]
[White "Atalik, Suat"]
[Black "Pap, Misa"]
[Result "1-0"]
[WhiteElo "2437"]
[BlackElo "2412"]
[PlyCount "93"]
[EventDate "2024.02.05"]
[EventType "swiss"]
[EventRounds "9"]
[EventCountry "SRB"]
[SourceTitle "CB07_2024"]
[SourceDate "2024.02.14"]
[SourceVersion "1"]
[SourceVersionDate "2024.02.14"]
[SourceQuality "1"]

1. d4 Nf6 2. c4 e6 3. Nc3 Bb4 4. g3 Bxc3+ 5. bxc3 d6 6. Bg2 0-0 7. Nf3 Nc6 8. Qd3 Re8 9. 0-0 e5 10. Nd2 Qe7 11. e4 b6 12. Re1 Ba6 13. Ba3 Qd7 14. f4 Na5 15. fxe5 dxe5 16. d5 c5 17. Rf1 Qe7 18. Bf3 Rf8 19. Bd1 Ne8 20. Ba4 Nd6 21. Bb5 Bc8 22. Nb3 Nab7 23. Rf2 Bg4 24. Re1 Rac8 25. Nd2 Bd7 26. Nf3 f5 27. Bxd7 Qxd7 28. Nxe5 Qa4 29. exf5 Qxa3 30. f6 Rce8 31. Qd2 gxf6 32. Nd7 Qa4 33. Nxf6+ Rxf6 34. Rxf6 Rxe1+ 35. Qxe1 Qd7 36. Re6 Nd8 37. Re7 Qf5 38. Rxa7 N8f7 39. Qe6 Qf3 40. Rd7 Qd1+ 41. Kg2 Qc2+ 42. Kh3 Kf8 43. Qe7+ Kg8 44. Rd8+ Kg7 45. Qf8+ Kg6 46. Rxd6+ Nxd6 47. Qxd6+ 1-0

[Event "SRB-ch sf"]
[Site "Paracin"]
[Date "2024.02.09"]
[Round "7"]
[White "Atalik, Suat"]
[Black "Tilicheev, Viacheslav"]
[Result "1-0"]
[WhiteElo "2437"]
[BlackElo "2487"]
[PlyCount "59"]
[EventDate "2024.02.05"]
[EventType "swiss"]
[EventRounds "9"]
[EventCountry "SRB"]
[SourceTitle "CB07_2024"]
[SourceDate "2024.02.14"]
[SourceVersion "1"]
[SourceVersionDate "2024.02.14"]
[SourceQuality "1"]

1. d4 d5 2. c4 e6 3. Nc3 c6 4. e3 Nf6 5. Nf3 Nbd7 6. Qc2 Bd6 7. Bd3 0-0 8. 0-0 dxc4 9. Bxc4 b5 10. Bd3 Bb7 11. a3 a5 12. e4 e5 13. dxe5 Nxe5 14. Nxe5 Bxe5 15. h3 Re8 16. Be3 Qe7 17. f3 Rad8 18. Rad1 Bxc3 19. Qxc3 Nd5 20. exd5 Qxe3+ 21. Kh1 Qb6 22. d6 Bc8 23. b4 axb4 24. axb4 Re6 25. Qc5 Qxc5 26. bxc5 Re5 27. Rc1 Bf5 28. Bxf5 Rxf5 29. Rfe1 b4 30. Re4 1-0

[Event "SRB-ch sf"]
[Site "Paracin"]
[Date "2024.02.07"]
[Round "4"]
[White "Eric, Jovana"]
[Black "Atalik, Suat"]
[Result "1/2-1/2"]
[WhiteElo "2124"]
[BlackElo "2437"]
[PlyCount "130"]
[EventDate "2024.02.05"]
[EventType "swiss"]
[EventRounds "9"]
[EventCountry "SRB"]
[SourceTitle "CB07_2024"]
[SourceDate "2024.02.14"]
[SourceVersion "1"]
[SourceVersionDate "2024.02.14"]
[SourceQuality "1"]

1. e4 c5 2. Nf3 Nc6 3. d4 cxd4 4. Nxd4 Nf6 5. Nc3 d6 6. Bg5 e6 7. Qd2 a6 8. 0-0-0 Bd7 9. Kb1 Nxd4 10. Qxd4 Be7 11. Rg1 Bc6 12. g4 h6 13. Be3 Qa5 14. Be2 Qe5 15. f3 Qxd4 16. Bxd4 g5 17. e5 dxe5 18. Bxe5 0-0 19. Rgf1 Rfd8 20. Bc7 Rxd1+ 21. Rxd1 Bb4 22. Be5 Nd7 23. Bd4 e5 24. Be3 Bxc3 25. bxc3 Nf8 26. Rd6 Kg7 27. Bb6 Rc8 28. Kc1 Ne6 29. Kd2 Kf6 30. Ba5 Rh8 31. Ke3 h5 32. gxh5 Rxh5 33. Bxa6 e4 34. Bc4 exf3 35. Bxe6 fxe6 36. Bd8+ Kf5 37. Rd2 Rh4 38. Bc7 Rc4 39. Ba5 e5 40. Bb4 Kg4 41. Kf2 Re4 42. Bd6 Kf4 43. Rd4 g4 44. Rxe4+ Bxe4 45. a4 Bxc2 46. a5 Bd3 47. Bc7 Ba6 48. Bd6 Ke4 49. Bc7 Kd5 50. Ke3 e4 51. Bb6 Bd3 52. Bd4 Bc2 53. Bb6 Ke5 54. Bd4+ Kf5 55. Kf2 Bd3 56. Be3 Ke5 57. Bd4+ Kd5 58. Be3 Kc4 59. Bd4 Kb3 60. Be3 Kxc3 61. Bb6 Bb5 62. Be3 Kd3 63. Bb6 Bd7 64. Bc5 g3+ 65. hxg3 Bg4 1/2-1/2

[Event "Arandjelovac ASK-15 GM"]
[Site "Arandjelovac"]
[Date "2023.12.22"]
[Round "6"]
[White "Atalik, Suat"]
[Black "Lux, Hugo de Melo"]
[Result "1-0"]
[WhiteElo "2453"]
[BlackElo "2311"]
[PlyCount "65"]
[EventDate "2023.12.18"]
[EventType "tourn"]
[EventRounds "9"]
[EventCountry "SRB"]
[EventCategory "6"]
[SourceTitle "CB52_2023"]
[SourceDate "2023.12.27"]
[SourceVersion "1"]
[SourceVersionDate "2023.12.27"]
[SourceQuality "1"]

1. d4 d5 2. c4 c6 3. Nc3 Nf6 4. cxd5 cxd5 5. Bf4 Nc6 6. e3 a6 7. Be2 Bf5 8. Nf3 e6 9. Qb3 Bd6 10. Bxd6 Qxd6 11. Qxb7 0-0 12. Qb3 Nb4 13. 0-0 Nc2 14. Rab1 Rfb8 15. Qa4 Ng4 16. g3 Nb4 17. Ra1 Nc2 18. Rac1 Rb4 19. Qa5 Rxb2 20. Nh4 Ngxe3 21. fxe3 Nxe3 22. Rfe1 Nc2 23. Nxf5 exf5 24. Nd1 Qh6 25. Nxb2 Qe3+ 26. Kg2 Re8 27. Rxc2 Qe4+ 28. Kh3 g5 29. Bd1 g4+ 30. Kh4 Qxe1 31. Qxe1 Rxe1 32. Kg5 Kg7 33. Be2 1-0

[Event "Arandjelovac ASK-15 GM"]
[Site "Arandjelovac"]
[Date "2023.12.21"]
[Round "5"]
[White "Orujov, Farid"]
[Black "Atalik, Suat"]
[Result "1/2-1/2"]
[WhiteElo "2226"]
[BlackElo "2453"]
[PlyCount "175"]
[EventDate "2023.12.18"]
[EventType "tourn"]
[EventRounds "9"]
[EventCountry "SRB"]
[EventCategory "6"]
[SourceTitle "CB52_2023"]
[SourceDate "2023.12.27"]
[SourceVersion "1"]
[SourceVersionDate "2023.12.27"]
[SourceQuality "1"]

1. e4 c5 2. Nf3 e6 3. d4 cxd4 4. Nxd4 Nf6 5. Nc3 Bb4 6. e5 Nd5 7. Qg4 Kf8 8. Qg3 Nc6 9. Nxc6 bxc6 10. Bd2 Rb8 11. Ne4 Bxd2+ 12. Nxd2 Qa5 13. c3 Ba6 14. Bxa6 Qxa6 15. c4 Ne7 16. Qc3 Qb6 17. b3 Nf5 18. 0-0 Qd4 19. Qa5 Nh4 20. Rad1 g5 21. Kh1 Rg8 22. f3 Ng6 23. Ne4 Qxe5 24. Qa3+ Kg7 25. Rxd7 Rbd8 26. Qxa7 Rgf8 27. Rfd1 Rxd7 28. Qxd7 Ra8 29. Nd6 Qf4 30. a4 Ne5 31. Qe7 g4 32. Qh4 Rb8 33. Rb1 Rxb3 34. Rf1 Nd3 35. Ne8+ Kg6 36. Qe7 Nf2+ 37. Kg1 Qd4 38. Qf6+ Qxf6 39. Nxf6 Kxf6 40. fxg4 Ke5 41. Rxf2 Rb1+ 42. Rf1 Rb7 43. Rd1 c5 44. Kf2 Kf4 45. g3+ Ke4 46. Rd8 Ra7 47. Rh8 f6 48. h4 Rxa4 49. Rxh7 Rxc4 50. Rf7 Ke5 51. Kf3 Rc1 52. h5 c4 53. g5 fxg5 54. Kg4 c3 55. h6 Rh1 56. Rc7 Kd4 57. Kxg5 e5 58. h7 e4 59. Kf4 Rf1+ 60. Kg5 Rf8 61. Rf7 Rh8 62. Rd7+ Ke3 63. Rc7 c2 64. Rxc2 Rxh7 65. Ra2 Rd7 66. Kf5 Kf3 67. Ra3+ e3 68. g4 Rd5+ 69. Kf6 Ke4 70. g5 Rf5+ 71. Kg6 e2 72. Ra4+ Kd5 73. Ra5+ Kd6 74. Ra6+ Kd5 75. Ra5+ Ke4 76. Ra4+ Kf3 77. Ra3+ Kg4 78. Ra4+ Rf4 79. Ra1 Rf1 80. Ra4+ Kf3 81. Ra3+ Ke4 82. Ra4+ Ke5 83. Ra5+ Ke4 84. Ra4+ Kf3 85. Ra3+ Kg4 86. Ra4+ Rf4 87. Ra1 Rf1 88. Ra4+ 1/2-1/2

[Event "Arandjelovac ASK-14 GM"]
[Site "Arandjelovac"]
[Date "2023.12.13"]
[Round "3"]
[White "Atalik, Suat"]
[Black "Orujov, Farid"]
[Result "1-0"]
[WhiteElo "2453"]
[BlackElo "2226"]
[PlyCount "139"]
[EventDate "2023.12.11"]
[EventType "tourn"]
[EventRounds "9"]
[EventCountry "SRB"]
[EventCategory "6"]
[SourceTitle "CB51_2023"]
[SourceDate "2023.12.20"]
[SourceVersion "1"]
[SourceVersionDate "2023.12.20"]
[SourceQuality "1"]

1. d4 d5 2. c4 c6 3. Nc3 Nf6 4. e3 e6 5. Nf3 Nbd7 6. Bd3 dxc4 7. Bxc4 b5 8. Bd3 Bb7 9. 0-0 a6 10. e4 c5 11. d5 Qc7 12. Qe2 c4 13. Bc2 Bd6 14. Re1 Ne5 15. Nxe5 Bxe5 16. f4 Bd4+ 17. Kh1 0-0 18. d6 Qc6 19. e5 Bxc3 20. bxc3 Nd5 21. Be4 Qc5 22. Qc2 f5 23. exf6 Rxf6 24. Bxh7+ Kh8 25. Be4 Qxd6 26. g3 Rc8 27. Qd1 Qc7 28. Qh5+ Rh6 29. Qf3 Rf6 30. Ba3 a5 31. Rad1 Rb8 32. Rd4 Kg8 33. Rc1 Bc6 34. h4 Rc8 35. Kg2 Bb7 36. Kh3 Qb6 37. Qh5 Rh6 38. Qe5 b4 39. cxb4 axb4 40. Rdxc4 Rxc4 41. Rxc4 bxa3 42. Qb8+ Kf7 43. Bxd5 exd5 44. Rc7+ Kg6 45. f5+ Kh7 46. Rxb7 Qf2 47. Qf4 Qxf4 48. gxf4 Rc6 49. Kg4 d4 50. Rd7 Kg8 51. f6 gxf6 52. Kf5 Rc2 53. Kxf6 Rxa2 54. Rxd4 Ra1 55. f5 Rh1 56. Ra4 a2 57. Ra8+ Kh7 58. Rxa2 Rxh4 59. Kf7 Kh8 60. f6 Kh7 61. Rg2 Rh1 62. Rg7+ Kh8 63. Kf8 Ra1 64. Rg8+ Kh7 65. Rg7+ Kh8 66. Re7 Ra8+ 67. Re8 Ra7 68. Re2 Ra8+ 69. Kf7 Ra7+ 70. Kg6 1-0

[Event "Belgrade Radnicki IM 12"]
[Site "Belgrade"]
[Date "2023.12.12"]
[Round "9"]
[White "Liu, Zexu"]
[Black "Atalik, Suat"]
[Result "0-1"]
[WhiteElo "2312"]
[BlackElo "2453"]
[PlyCount "52"]
[EventDate "2023.12.04"]
[EventType "tourn"]
[EventRounds "9"]
[EventCountry "SRB"]
[SourceTitle "CB51_2023"]
[SourceDate "2023.12.20"]
[SourceVersion "1"]
[SourceVersionDate "2023.12.20"]
[SourceQuality "1"]

1. Nf3 Nf6 2. c4 e6 3. g3 d5 4. Bg2 dxc4 5. Qa4+ Nbd7 6. Qxc4 c5 7. a4 b6 8. 0-0 Bb7 9. a5 Bd6 10. a6 Bc6 11. Na3 Rc8 12. Ng5 Nd5 13. f4 Qe7 14. e4 Nb4 15. d3 0-0 16. e5 Bb8 17. Bxc6 Rxc6 18. Bd2 Rfc8 19. Nb5 Nf8 20. Rf3 Qd7 21. Ne4 Qd5 22. Bxb4 Qxc4 23. dxc4 cxb4 24. b3 h6 25. h4 h5 26. Rd3 Kh7 0-1

[Event "Belgrade Radnicki IM 12"]
[Site "Belgrade"]
[Date "2023.12.11"]
[Round "8"]
[White "Atalik, Suat"]
[Black "Svicevic, Rastko"]
[Result "1-0"]
[WhiteElo "2453"]
[BlackElo "2144"]
[PlyCount "47"]
[EventDate "2023.12.04"]
[EventType "tourn"]
[EventRounds "9"]
[EventCountry "SRB"]
[SourceTitle "CB51_2023"]
[SourceDate "2023.12.20"]
[SourceVersion "1"]
[SourceVersionDate "2023.12.20"]
[SourceQuality "1"]

1. d4 Nf6 2. c4 e6 3. Nc3 Bb4 4. Nf3 b6 5. Qb3 a5 6. g3 Bb7 7. Bg2 Ne4 8. 0-0 Nxc3 9. bxc3 Be7 10. Rd1 Be4 11. a4 0-0 12. Ne1 Bxg2 13. Nxg2 f5 14. Be3 Qe8 15. c5 bxc5 16. d5 Bd6 17. Qc4 Na6 18. Rab1 e5 19. Rb5 f4 20. gxf4 exf4 21. Bxf4 Rxf4 22. Nxf4 Qe5 23. e3 g5 24. Nd3 1-0

[Event "Belgrade Radnicki IM 12"]
[Site "Belgrade"]
[Date "2023.12.08"]
[Round "5"]
[White "Atalik, Suat"]
[Black "Besedes, Danilo"]
[Result "1-0"]
[WhiteElo "2453"]
[BlackElo "2238"]
[PlyCount "119"]
[EventDate "2023.12.04"]
[EventType "tourn"]
[EventRounds "9"]
[EventCountry "SRB"]
[SourceTitle "CB51_2023"]
[SourceDate "2023.12.20"]
[SourceVersion "1"]
[SourceVersionDate "2023.12.20"]
[SourceQuality "1"]

1. d4 d5 2. c4 c6 3. Nc3 Nf6 4. cxd5 cxd5 5. Bf4 Nc6 6. e3 a6 7. Bd3 Bg4 8. Nge2 e6 9. h3 Bxe2 10. Qxe2 Bd6 11. Bg5 h6 12. Bh4 Rc8 13. 0-0 0-0 14. f4 Be7 15. g4 Ne8 16. Bg3 Nd6 17. f5 Bf6 18. Qh2 Nc4 19. Bxc4 dxc4 20. Rad1 exf5 21. gxf5 Re8 22. Rf3 b5 23. a3 Qd7 24. Qg2 Rcd8 25. Kh1 Kh8 26. Rg1 Rg8 27. Ne4 Rde8 28. Rf4 Bd8 29. Rg4 Qd5 30. Bh2 g5 31. Qf3 b4 32. axb4 Nxb4 33. R1g2 f6 34. Bd6 Rxe4 35. Rxe4 Qxd6 36. Qh5 Qd7 37. Re6 Qh7 38. h4 Nd3 39. Rxa6 Ne1 40. hxg5 Nxg2 41. g6 Qg7 42. Ra7 Nxe3 43. Rxg7 Kxg7 44. Qf3 Re8 45. Qc6 Re7 46. Qd6 Nxf5 47. Qxd8 Kxg6 48. d5 Re1+ 49. Kg2 Rd1 50. Qg8+ Kh5 51. Kf3 Rd4 52. Qf7+ Kg5 53. Qg8+ Kh5 54. Qg1 Nh4+ 55. Ke2 Rxd5 56. Qc1 Rd4 57. b4 f5 58. b5 f4 59. b6 f3+ 60. Kf1 1-0

[Event "Wch Seniors 50 31st"]
[Site "Terassini"]
[Date "2023.11.05"]
[Round "11"]
[White "Atalik, Suat"]
[Black "Godena, Michele"]
[Result "1/2-1/2"]
[WhiteElo "2427"]
[BlackElo "2441"]
[PlyCount "29"]
[EventDate "2023.10.25"]
[EventType "swiss"]
[EventRounds "11"]
[EventCountry "ITA"]
[SourceTitle "Mega2024 Update 01"]
[Source "Chessbase"]
[SourceDate "2023.11.12"]
[SourceVersion "1"]
[SourceVersionDate "2023.11.12"]
[SourceQuality "1"]

1. d4 d5 2. c4 e6 3. Nc3 Nf6 4. Bg5 c6 5. e3 h6 6. Bh4 Be7 7. Nf3 0-0 8. Bd3 dxc4 9. Bxc4 c5 10. dxc5 Qa5 11. 0-0 Qxc5 12. Qe2 Bd7 13. Bxf6 Bxf6 14. Ne4 Qe7 15. Nxf6+ 1/2-1/2

[Event "Wch Seniors 50 31st"]
[Site "Terassini"]
[Date "2023.10.28"]
[Round "4"]
[White "Atalik, Suat"]
[Black "Matamoros Franco, Carlos S"]
[Result "1-0"]
[WhiteElo "2427"]
[BlackElo "2455"]
[PlyCount "81"]
[EventDate "2023.10.25"]
[EventType "swiss"]
[EventRounds "11"]
[EventCountry "ITA"]
[SourceTitle "Mega2024 Update 01"]
[Source "Chessbase"]
[SourceDate "2023.11.12"]
[SourceVersion "1"]
[SourceVersionDate "2023.11.12"]
[SourceQuality "1"]

1. d4 Nf6 2. c4 e6 3. Nc3 d5 4. cxd5 exd5 5. Bg5 Be7 6. e3 h6 7. Bh4 Bg4 8. Nge2 c6 9. f3 Bc8 10. Bf2 0-0 11. Nf4 Re8 12. Bd3 Nbd7 13. 0-0 Nf8 14. Qd2 Ne6 15. Nfe2 c5 16. dxc5 Bxc5 17. Rad1 Bd7 18. Bc2 Bc6 19. Ng3 Nf8 20. e4 Bxf2+ 21. Qxf2 Qa5 22. Bb3 dxe4 23. Ncxe4 Bxe4 24. Nxe4 N8h7 25. Nd6 Re7 26. Rfe1 Rd7 27. Nc4 Qb4 28. Ne5 Re7 29. Nd3 Rxe1+ 30. Rxe1 Qd6 31. Ne5 Nd5 32. Qd4 Nhf6 33. Rd1 Re8 34. f4 Rd8 35. Nc4 Qf8 36. a3 Rc8 37. Qxa7 b6 38. Ne5 Qc5+ 39. Kh1 Qe3 40. Bxd5 Rc1 41. Bxf7+ 1-0

[Event "SRB-chT Premier"]
[Site "Bajina Basta"]
[Date "2023.09.23"]
[Round "6.5"]
[White "Cuzovic, Ognjen"]
[Black "Atalik, Suat"]
[Result "0-1"]
[WhiteElo "1977"]
[BlackElo "2413"]
[PlyCount "90"]
[EventDate "2023.09.18"]
[EventType "team-tourn"]
[EventRounds "11"]
[EventCountry "SRB"]
[SourceTitle "EXT 2024"]
[Source "ChessBase"]
[SourceDate "2023.10.10"]
[SourceVersion "1"]
[SourceVersionDate "2023.10.10"]
[SourceQuality "1"]
[WhiteTeam "Petrovaradin Kraljica"]
[BlackTeam "Kac Jugovic"]
[WhiteTeamCountry "SRB"]
[BlackTeamCountry "SRB"]

1. d4 Nf6 2. Nf3 b6 3. g3 Bb7 4. Bg2 c5 5. e3 g6 6. 0-0 Bg7 7. b3 0-0 8. Bb2 a5 9. a4 Na6 10. Na3 Be4 11. Ne5 d6 12. Ng4 Bxg2 13. Nxf6+ Bxf6 14. Kxg2 Ra7 15. c4 Qa8+ 16. Qf3 Rd7 17. Rfd1 Qxf3+ 18. Kxf3 Bg7 19. Rd2 Nc7 20. Rad1 f5 21. d5 Bxb2 22. Rxb2 Kf7 23. Rbd2 e5 24. dxe6+ Kxe6 25. Nb1 Rfd8 26. Nc3 d5 27. cxd5+ Nxd5 28. Nxd5 Rxd5 29. Ke2 g5 30. h3 h5 31. Rxd5 Rxd5 32. Rxd5 Kxd5 33. Kd3 g4 34. hxg4 hxg4 35. Kc3 Kc6 36. Kd3 b5 37. e4 fxe4+ 38. Kxe4 c4 39. axb5+ Kxb5 40. bxc4+ Kxc4 41. Kf4 a4 42. Kxg4 a3 43. f4 a2 44. f5 a1Q 45. Kg5 Qg7+ 0-1

[Event "Arandjelovac op 2nd"]
[Site "Arandjelovac"]
[Date "2023.08.03"]
[Round "6"]
[White "Atalik, Suat"]
[Black "Lortkipanidze, Nodar"]
[Result "1-0"]
[WhiteElo "2417"]
[BlackElo "2382"]
[PlyCount "47"]
[EventDate "2023.07.31"]
[EventType "swiss"]
[EventRounds "9"]
[EventCountry "SRB"]
[SourceTitle "CBM 215 Extra"]
[Source "ChessBase"]
[SourceDate "2023.09.30"]
[SourceVersion "1"]
[SourceVersionDate "2023.09.30"]
[SourceQuality "1"]

1. d4 d5 2. c4 dxc4 3. Nf3 Nf6 4. e3 g6 5. Bxc4 Bg7 6. 0-0 0-0 7. Nc3 Ne8 8. Be2 a6 9. b3 c5 10. Bb2 cxd4 11. Nxd4 Nd6 12. Rc1 b5 13. a4 bxa4 14. Nxa4 Bb7 15. Nc5 Ra7 16. Nde6 fxe6 17. Bxg7 Rf5 18. Bd4 Nb5 19. Bxb5 axb5 20. e4 Bxe4 21. Nxe6 Qd7 22. Bxa7 Qxa7 23. Rc7 Qa3 24. Qd4 1-0